000 01346cam a2200337 a 4500
001 EDZ0000071584
003 StDuBDS
005 20161031105218.0
006 m||||||||d||||||||
007 cr |||||||||||
008 120405s2005 enk fo| 001|0|eng d
020 _a9781446212318 (ebook) :
_cNo price
040 _aStDuBDS
_beng
_cStDuBDS
_epn
049 _aAlfaisal Main Library
050 0 _aHM623
_b.M39 2005
082 0 4 _a306.0711
_223
100 1 _aMcRobbie, Angela.
245 1 4 _aThe uses of cultural studies
_h[electronic resource] :
_ba textbook /
_cAngela McRobbie.
260 _aLondon :
_bSAGE,
_c2005.
300 _a1 online resource (211 p.)
520 8 _aOffering an introduction to both the theory and practice of cultural studies, this book also provides readers with an opportunity to regard Angela McRobbie 'in dialogue' with six of today's leading cultural studies theorists.
521 _aSpecialized.
588 _aDescription based on print version record.
504 _aIncludes bibliographical references and index.
650 0 _aCulture
_xStudy and teaching.
655 7 _aElectronic books.
_2local
710 2 _aSage eBooks
776 0 8 _iPrint version :
_z9781412908450
856 4 0 _uhttp://ezproxy.alfaisal.edu/login?url=http://sk.sagepub.com/books/the-uses-of-cultural-studies
942 _2lcc
_cEBOOKS
999 _c481816
_d481816